Progress in Tourism, Recreation and Hospitality Management / Volume Two (Record no. 2728)
[ view plain ]
| 000 -LEADER | |
|---|---|
| fixed length control field | 01306cam a22002054a 4500 |
| 005 - ΗΜΕΡΟΜΗΝΙΑ ΚΑΙ ΩΡΑ ΤΕΛΕΥΤΑΙΑΣ ΕΝΗΜΕΡΩΣΗΣ | |
| Πεδίο ελέγχου | 20250605164051.0 |
| 008 - FIXED-LENGTH DATA ELEMENTS--GENERAL INFORMATION | |
| Πεδίο ελέγχου σταθερού μήκους | 250528s ||||||||||||||||||||||||d |
| 035 ## - SYSTEM CONTROL NUMBER | |
| System control number | 17300 |
| 020 ## - ISBN | |
| ISBN | 471945102 |
| 040 ## - ΠΗΓΗ ΚΑΤΑΛΟΓΟΓΡΑΦΗΣΗΣ | |
| Φορέας πρωτότυπης καταλογογράφησης | MC Athens Campus Library |
| Γλώσσα καταλογογράφησης | Ελληνικά, Μοντέρνα (1453-) |
| Modifying agency | MC Athens Campus Library |
| Κανόνες περιγραφικής καταλογογράφησης | AACR2 |
| 245 1# - ΤΙΤΛΟΣ ΚΑΙ ΔΗΛΩΣΗ ΥΠΕΥΘΥΝΟΤΗΤΑΣ | |
| Τίτλος | Progress in Tourism, Recreation and Hospitality Management / Volume Two |
| 250 ## - EDITION STATEMENT | |
| Edition statement | 1st |
| 260 ## - PUBLICATION, DISTRIBUTION, ETC. | |
| Name of publisher, distributor, etc. | John Wiley & Sons, |
| Date of publication, distribution, etc. | 1990 |
| 300 ## - PHYSICAL DESCRIPTION | |
| Extent | 246 |
| 520 ## - SUMMARY, ETC. | |
| Summary, etc. | Editorial Preface, Conceptual Issues in the Meaning of Tourism, A Review of Tourism Expenditure Research, Geography and Tourism: A Review of Selected Literature - 1985-1988, Tourism and Economic Development and the Role of Entrepreneurial Activity, Marketing in National Tourist Offices, Bermuda: The Role of Tourism Research, Tourism in China: Is the Honeymoon Over?, Statistical Trends in Tourism and Hotel Accommodation up to 1988, Marketing of the Service Process: State of the Art in Tourism and Recreation and Hospitality Industries, Managers in Hospitality: A Review of Current Research, Restaurant and Marketing, Developments within the Catering Equipment Industry in Great Britain, Hygiene and Hazard Analysis in Food Service, Technological Aspects of Commercial Food Service. |
| 700 1# - ΠΡΟΣΘΕΤΗ ΑΝΑΓΡΑΦΗ--ΦΥΣΙΚΟ ΠΡΟΣΩΠΟ | |
| Personal name | Cooper C.P |
| 9 (RLIN) | 3457 |
| 942 ## - ADDED ENTRY ELEMENTS (KOHA) | |
| Koha item type | Books |
| Τύπος τεκμηρίου | Βιβλιοθήκη | Τρέχουσα τοποθεσία | Barcode | Αριθμός εισαγωγής | Ημερομηνία απόκτησης | Ταξιθετικό σύμβολο | Αριθμός αντιτύπου | Κατάσταση απόσυρσης | Κατάσταση χαμένου | Κατάσταση κατεστραμμένου | Μη δανεισμός | Σύνολο δανεισμών | Ημερομηνία τελευταίας εμφάνισης | Η τιμή ισχύει από |
|---|---|---|---|---|---|---|---|---|---|---|---|---|---|---|
| Books | MC Athens Campus Library | MC Athens Campus Library | 9780000027276 | 9722 | 05/06/2025 | 338.4791 COO V.2 | 1 | 05/06/2025 | 05/06/2025 |